MARC details
| 000 -LEADER |
| fixed length control field |
01205nam a22002897a 4500 |
| 001 - CONTROL NUMBER |
| control field |
04567 |
| 003 - CONTROL NUMBER IDENTIFIER |
| control field |
HDC |
| 007 - PHYSICAL DESCRIPTION FIXED FIELD--GENERAL INFORMATION |
| fixed length control field |
cr bn --- |
| 008 - FIXED-LENGTH DATA ELEMENTS--GENERAL INFORMATION |
| fixed length control field |
210117b20162016ts ||||| |||| 00| 0 eng d |
| 022 ## - INTERNATIONAL STANDARD SERIAL NUMBER |
| International Standard Serial Number |
2415-6671 |
| 040 ## - CATALOGING SOURCE |
| Original cataloging agency |
HDC |
| 100 ## - MAIN ENTRY--PERSONAL NAME |
| Personal name |
Khan, Mohd Imran |
| Relator term |
author |
| 9 (RLIN) |
4657 |
| 245 #0 - TITLE STATEMENT |
| Title |
Understanding "Halal" and "Halal Certification & Accreditation System": |
| Remainder of title |
a Brief Review |
| Statement of responsibility, etc. |
/ Mohd Imran Khan and Dr. Abid Haleem |
| 260 ## - PUBLICATION, DISTRIBUTION, ETC. |
| Place of publication, distribution, etc. |
Dubai, United Arab Emirates: |
| Name of publisher, distributor, etc. |
Scholars Middle East Publishers, |
| Date of publication, distribution, etc. |
2016 |
| 300 ## - PHYSICAL DESCRIPTION |
| Extent |
1 online resource (12 pages) |
| 336 ## - CONTENT TYPE |
| Content type term |
text |
| Source |
rdacontent |
| 337 ## - MEDIA TYPE |
| Media type term |
computer |
| Source |
rdamedia |
| 338 ## - CARRIER TYPE |
| Carrier type term |
online resource |
| Source |
rdacarrier |
| 500 ## - GENERAL NOTE |
| General note |
Extract from: Saudi Journal of Business and Management Studies, 2016, volume 1, issue 1 (pages 32-42) |
| -- |
Includes bibliographical references |
| 650 ## - SUBJECT ADDED ENTRY--TOPICAL TERM |
| Topical term or geographic name entry element |
Halal food industry |
| General subdivision |
Certification |
| 9 (RLIN) |
415 |
| 650 ## - SUBJECT ADDED ENTRY--TOPICAL TERM |
| Topical term or geographic name entry element |
Halal industry |
| General subdivision |
Law and legislation |
| 9 (RLIN) |
1526 |
| 700 ## - ADDED ENTRY--PERSONAL NAME |
| Personal name |
Haleem, Abid |
| Relator term |
joint author |
| 9 (RLIN) |
4658 |
| 856 ## - ELECTRONIC LOCATION AND ACCESS |
| Public note |
Request full-text at [email protected] |
| 942 ## - ADDED ENTRY ELEMENTS (KOHA) |
| Source of classification or shelving scheme |
Library of Congress Classification |
| 942 ## - ADDED ENTRY ELEMENTS (KOHA) |
| Koha item type |
Articles |
| 942 ## - ADDED ENTRY ELEMENTS (KOHA) |
| Call number prefix |
JART 002608 |